| 000 | 01243nam a2200313 i 4500 | ||
|---|---|---|---|
| 001 | 12463 | ||
| 003 | ES-MaACL | ||
| 005 | 20240527195126.0 | ||
| 007 | t| | ||
| 008 | 000000s1985 sp |||| | spa d | ||
| 020 | _a84-235-0686-X | ||
| 080 | _a946.51"1253/70" | ||
| 080 | _a336(460.16)"1253/70" | ||
| 100 | 1 |
_aGarcía Arancón, María Raquel. _954175 |
|
| 245 | 1 | 0 |
_aTeobaldo II de Navarra, 1253-1270 _b: gobierno de la monarquía y recursos financieros / _cMª Raquel García Arancón ; prólogo por Ángel J. Martín Duque. |
| 260 |
_a[Pamplona] : _bGobierno de Navarra, Departamento de Educación y Cultura : _bInstitución Principe de Viana, _cD.L. 1985. |
||
| 300 |
_aXVII, 378 p ; _c24 cm. |
||
| 490 | 1 |
_aHistoria ; _v45 |
|
| 500 | _aÍndices. | ||
| 504 | _aBibliografía: p. 13-36. | ||
| 650 | 1 | 4 |
_aHacienda pública- _zNavarra (Reino) _9168155 |
| 651 | 4 |
_aNavarra (Reino)- _xHistoria- _y1253-1270, Teobaldo II. _9168156 |
|
| 700 | 1 |
_aMartín Duque, Angel J. _977477 |
|
| 710 | 1 |
_aNavarra (Comunidad Autónoma). _bDepartamento de Educación y Cultura. _95980 |
|
| 710 | 2 |
_aInstitución Príncipe de Viana _94730 |
|
| 830 | 0 |
_aHistoria ; _v45 _9177536 |
|
| 852 |
_aES-MaACL _jL-19717 |
||
| 999 |
_c12463 _d12463 |
||